[Event "Floripa Super Blitz 2019"]
[Site "Florianopolis"]
[Date "2019.01.23"]
[Round "11"]
[White "Granda Zuniga, Julio E"]
[Black "Proudian, Armen"]
[Result "1-0"]
[WhiteElo "2641"]
[BlackElo "2413"]
[Annotator "TA"]
[PlyCount "116"]
[EventDate "2019.01.23"]
[EventType "swiss"]
[EventCountry "BRA"]
[SourceTitle "playchess.com"]
[Source "ChessBase"]
[SourceQuality "1"]

{[%evp 14,116,-5,-5,-3,2,0,-7,12,-17,42,26,48,45,35,36,55,43,50,62,25,35,57,14,33,23,19,-8,21,4,4,-8,0,-33,62,41,64,70,101,105,103,93,691,116,237,60,87,92,206,250,572,505,618,628,606,578,606,585,528,265,1406,291,278,267,264,251,241,250,326,324,317,290,349,355,464,464,458,453,510,458,461,459,460,473,504,439,439,361,365,361,340,335,591,521,622,583,800,784,1313,1291,1247,1239,1327,1321,1466]} 1. d4 Nf6 2. c4 e6 3. Nf3 d5 4. Nc3 Bb4 5. e3 O-O 6. Bd2 b6 7. a3 Bd6 {E51: Nimzo-Indian: Rubinstein: 4...0-0 5 Nf3 d5} 8. b4 {LiveBook: 4 Games} (8. Qc2 c5 9. Be2 Bb7 10. cxd5 exd5 11. O-O Nbd7 12. dxc5 bxc5 13. b4 Rc8 14. bxc5 Nxc5 15. Nb5 {0-1 (60) Sokolov,I (2589)-Giri,A (2752) Amstelveen 2017}) 8... dxc4 9. Bxc4 Bb7 {The position is equal.} 10. O-O Nbd7 11. Re1 $146 ({Predecessor:} 11. Nb5 Be7 12. Nc3 c5 13. bxc5 bxc5 14. Be2 Nb6 15. a4 Rc8 16. a5 cxd4 17. Nxd4 Nbd5 18. Nxd5 Qxd5 19. Bf3 Qd7 20. Bxb7 {½-½ (20) Mititelu,G-Botez,C Bucharest 1968}) 11... Ne4 ({Black should play} 11... c5 $11) 12. Nxe4 $14 Bxe4 13. Bc3 Nf6 14. Nd2 Bb7 15. e4 {And now e5 would win.} Bf4 16. f3 c5 17. dxc5 bxc5 18. b5 (18. bxc5 Qc7 $15) (18. g3 $5 {[%cal Rg3f4]} cxb4 19. Bxf6 (19. axb4 Bc7 $11) 19... Qb6+ 20. Kg2 Bxd2 21. Qxd2 gxf6 22. Qxb4 $11 (22. axb4 Rfd8 $11)) 18... Nd7 19. g3 Be5 20. Qc2 Qf6 21. Rac1 Bd4+ 22. Bxd4 cxd4 23. Qb2 Ne5 (23... Rac8 $15) 24. f4 $36 {[%mdl 2048] White has good play.} Ng4 25. Nf3 e5 26. h3 Ne3 27. Nxe5 Rfd8 $2 {[%mdl 8192]} (27... Nxc4 $16 28. Rxc4 Rad8) 28. Bd3 $2 (28. Bxf7+ $18 Kh8 29. Bb3) 28... Rac8 (28... Qe6 $16) 29. Kh2 $2 ({Only move:} 29. Rxc8 $18 Bxc8 30. Nc6) 29... Rxc1 30. Rxc1 Qd6 (30... g5 $16) 31. a4 $18 Kf8 $2 (31... Qe6 {is a better chance.} 32. Rc7 (32. Nc6 Rd6 $16) 32... Bc8) 32. Qb3 {[%csl Ge5][%cal Rb3f7] [#]} Qe7 33. Nc6 Bxc6 34. bxc6 ({Not} 34. Rxc6 Qd7 $18) 34... Qc7 35. Qb4+ Kg8 36. Qb7 Rc8 $2 (36... Qa5 37. Qb2 Rc8) 37. Qxc7 $2 (37. Ba6) 37... Rxc7 {[%mdl 4096] Endgame KRB-KRN} 38. e5 Kf8 39. Kg1 ({But not} 39. Bxh7 $2 g6 $19) 39... Nd5 40. Rc5 Nb4 41. Be4 ({Weaker is} 41. Bxh7 g6 $16) 41... Ke7 42. Kf2 g6 43. a5 Kd8 44. Rc4 Na6 45. Rxd4+ Ke7 46. Rc4 f6 47. exf6+ Kxf6 48. h4 Ke6 49. Ke3 Kd6 50. Kd4 Re7 51. Rc3 Nc7 {[#] Hoping for ...Nb5+.} 52. Rd3 Ke6 $2 (52... Na6 {was necessary.} 53. Kc4+ Kc7) 53. Ke3 {White is clearly winning.} Kf6 54. Kf3 Ke6 55. g4 Nb5 56. f5+ gxf5 57. Bxf5+ Kf6 58. Rd7 Rxd7 {Precision: White = 60%, Black = 22%.} 1-0

[Event "Floripa Super Blitz 2019"]
[Site "Florianopolis"]
[Date "2019.01.23"]
[Round "11"]
[White "Cubas, Jose Fernando"]
[Black "Stamenkovic, Dragan"]
[Result "1-0"]
[WhiteElo "2506"]
[BlackElo "2378"]
[Annotator "TA"]
[PlyCount "57"]
[EventDate "2019.01.23"]
[EventType "swiss"]
[EventCountry "BRA"]
[SourceTitle "playchess.com"]
[Source "ChessBase"]
[SourceQuality "1"]

{[%evp 9,57,-21,50,13,13,13,22,0,26,21,36,0,0,0,0,0,0,21,68,54,137,110,74,58,56,33,158,145,202,183,179,169,284,285,1085,1070,1168,1168,1158,1154,2857,2763,29977,29977,29994,29995,29995,29996,29996,29997]} 1. Nc3 d5 2. e4 d4 3. Nce2 e5 4. f4 (4. Ng3 g6 5. Bc4 Bg7 6. d3 h5 7. f4 h4 8. N3e2 Nc6 9. h3 Na5 10. Bd5 c6 11. Bxf7+ Kxf7 12. fxe5 c5 {1-0 (31) Andreikin,D (2713)-Mamedyarov,S (2753) Moscow 2013}) 4... f6 5. Nf3 Bd6 (5... Nc6 $11) 6. fxe5 {A00: Irregular Openings} fxe5 7. Ng3 Be6 8. Bb5+ $146 {The position is equal.} ({You set blue moves yourself with the critical opening position annotation.:} 8. d3 Nf6 9. Be2 O-O 10. O-O h6 11. Bd2 c5 {1-0 (59) Lama,S (2067)-Akhrass,R Beirut 2009}) 8... Nd7 {[%cal Bb8d7,Bd7c5,Bc5b3][%mdl 32]} 9. O-O c6 10. Ba4 Nc5 11. Bb3 $1 Nxb3 12. axb3 d3 13. cxd3 Nf6 14. d4 Qb6 {[#]} (14... Bg4 $14) 15. Kh1 $1 $16 Bg4 ({Don't go for} 15... exd4 $2 16. e5 $18) 16. dxe5 Bxe5 17. d4 O-O-O {[#]} (17... Bxg3 $1 $14 18. hxg3 Qb5) 18. Qe1 $1 $36 {[%mdl 2048] White is in control.} Bxg3 (18... Bb8 $16) 19. Qxg3 $18 {Strongly threatening &Ld2.} Bxf3 20. gxf3 a6 (20... Qxd4 $142 21. Re1 (21. Qxg7 Rhg8 $16) 21... a6) 21. d5 cxd5 $2 (21... Rhg8 22. Bf4 Rd7) 22. Bf4 Rd7 23. Rac1+ Kd8 24. e5 {[%cal Be4e5,Be5e6][%mdl 32]} Ng8 25. Bg5+ Ne7 {[#]} 26. e6 $1 {[%cal Rg3b8][%mdl 512] White mates.} Rd6 (26... Qxe6 27. Qb8#) 27. Bxe7+ {[%mdl 64] NOTEXT-4836} Kxe7 28. Qxg7+ {[%mdl 64] NOTEXT-4834} Kxe6 29. Rfe1+ {NOTEXT-4805: Tournament = 69%, Annotator = 30%.} 1-0

[Event "Floripa Super Blitz 2019"]
[Site "Florianopolis"]
[Date "2019.01.23"]
[Round "11"]
[White "Molina, Roberto Junio Brito"]
[Black "Fier, Alexandr"]
[Result "1/2-1/2"]
[WhiteElo "2458"]
[BlackElo "2540"]
[Annotator "TA"]
[PlyCount "34"]
[EventDate "2019.01.23"]
[EventType "swiss"]
[EventCountry "BRA"]
[SourceTitle "playchess.com"]
[Source "ChessBase"]
[SourceQuality "1"]

{[%evp 29,34,59,57,59,60,53,69]} 1. d4 Nf6 2. c4 e6 3. Nf3 b6 4. g3 Ba6 5. Qa4 c5 6. Bg2 Bb7 7. O-O cxd4 8. Nxd4 Bxg2 9. Kxg2 Be7 10. Nc3 O-O 11. Rd1 Qc8 12. Bg5 Qb7+ 13. f3 a6 14. Ne4 {E15: Queen's Indian: 4 g3 sidelines, 4 g3 Ba6 and 4 g3 Bb7 early deviations} Nxe4 15. Bxe7 Re8 {LiveBook: 4 Games. White is slightly better.} 16. Ba3 ({Don't play} 16. fxe4 Qxe4+ 17. Kf2 Rxe7 $15) 16... Nf6 {[#]} 17. Rac1 $146 ({Predecessor:} 17. Bd6 Rc8 18. Rd3 Ne8 19. Ba3 d6 20. Rc3 Nd7 21. Rac1 Rc7 {½-½ (42) Volkov,S (2605)-Landa,K (2520) Samara 1998}) 17... Nc6 1/2-1/2

[Event "Floripa Super Blitz 2019"]
[Site "Florianopolis"]
[Date "2019.01.23"]
[Round "11"]
[White "Sunye Neto, Jaime"]
[Black "Gauche, Charles"]
[Result "1-0"]
[WhiteElo "2446"]
[BlackElo "2241"]
[Annotator "TA"]
[PlyCount "133"]
[EventDate "2019.01.23"]
[EventType "swiss"]
[EventCountry "BRA"]
[SourceTitle "playchess.com"]
[Source "ChessBase"]
[SourceQuality "1"]

{[%evp 23,133,31,40,15,47,52,55,50,73,29,20,-16,14,15,14,0,0,0,11,12,9,7,10,10,35,14,10,10,3,0,35,27,50,0,55,0,0,0,0,0,6,7,12,12,12,10,8,15,16,6,22,6,6,6,8,8,8,6,8,8,8,2,8,8,47,47,47,0,47,47,47,47,47,47,47,0,310,132,308,305,301,296,291,285,276,265,299,308,290,267,250,242,338,208,185,134,124,88,88,88,88,88,84,92,136,192,192,190,29986,29987,29990,29986]} 1. c4 c5 2. Nf3 Nc6 3. Nc3 e5 4. d3 g6 5. g3 Bg7 6. Bg2 Nge7 7. O-O d6 8. a3 O-O 9. Rb1 a5 10. Bd2 h6 11. Ne1 {[%cal Bf3e1,Be1c2,Bc2a3,Ba3b5][%mdl 32]} Be6 12. Nd5 Rb8 13. Nc2 {A37: Symmetrical English vs ...g6: 4 Bg2 Bg7 5 Nf3} f5 (13... b5 14. b4 axb4 15. axb4 cxb4 16. Ncxb4 Nxb4 17. Bxb4 Nc6 18. Ba3 bxc4 19. dxc4 Kh8 20. Rxb8 Qxb8 {½-½ (42) Lagunow,R (2403)-Yakubboev,N (2521) Manavgat 2018}) 14. b4 axb4 15. axb4 {White is slightly better.} b6 16. Nxe7+ (16. e4 {looks sharper.} fxe4 17. Bxe4 Bf5 18. Qe2 Kh7 19. Ra1) 16... Nxe7 17. f4 Qc7 $146 ({Predecessor:} 17... Kh7 18. Qc1 Qc7 19. Na3 Nc6 20. Nb5 Qd7 21. bxc5 bxc5 22. fxe5 dxe5 23. Be3 Nd4 24. Bxd4 exd4 25. Ra1 Qe7 26. Ra7 {½-½ (26) Chirita Mihaila,M (2136)-Dragomirescu,R (2348) Baile Olanesti 2010}) 18. Na3 Nc6 19. Nb5 Qd7 20. fxe5 dxe5 21. bxc5 bxc5 22. Be3 $36 {[%mdl 2048] Black is under pressure.} Nd4 23. Nxd4 exd4 (23... cxd4 {is more complex.} 24. Bd2 e4 25. Qc2 Qe7 26. Rxb8 Rxb8 27. Rb1 Rxb1+ 28. Qxb1 Qc5) 24. Bf4 Rxb1 25. Qxb1 g5 26. Bd2 Re8 27. Qb6 Qe7 28. Re1 Be5 (28... Bf7 $11) 29. Bd5 (29. Ra1 $1 $14) 29... Bxd5 $11 30. Qg6+ Bg7 31. cxd5 Rf8 32. d6 Qf6 33. Qxf6 Rxf6 {[%mdl 4096] Endgame KRB-KRB} 34. Rc1 Rxd6 35. Rxc5 Re6 36. Kf1 Be5 37. Ba5 Kf7 38. Bc7 Kf6 39. Bxe5+ Rxe5 {KR-KR} 40. Rc8 Rd5 41. Rc6+ Kg7 42. Kf2 Rd8 43. h4 Rd5 44. h5 Rd7 45. Kf3 Rd5 (45... f4 $5) 46. Rg6+ Kh7 47. Re6 Kg7 $1 48. Rc6 Rd7 49. Re6 Ra7 $2 {[%mdl 8192]} (49... Rd5 $1 $11 {and Black stays safe.}) 50. Rd6 (50. Rg6+ $18 Kh7 51. Rf6) 50... Ra4 $2 (50... Ra1 $16) 51. Rg6+ $18 Kh7 52. Rf6 Ra5 53. Rd6 Ra1 54. Rxd4 Rh1 {[#]} 55. Rd7+ $1 Kg8 56. Rd5 Rxh5 57. Rxf5 Rh1 58. Ra5 Kf7 59. Ra6 ({Better is} 59. d4 $18) 59... h5 $16 60. Kg2 Re1 {[#]} 61. Kf2 $1 {[%cal Rf2e1]} Rb1 62. d4 Rd1 63. e3 {[%cal Be2e3,Be3d4][%mdl 32]} g4 64. Rh6 (64. Ke2 $16 Rg1 65. Rh6) 64... Rd2+ $18 65. Kf1 Rxd4 $2 (65... Rh2 $18 66. d5 Kg7) 66. exd4 Kg7 67. Rd6 {Accuracy: White = 61%, Black = 44%.} 1-0

[Event "Floripa Super Blitz 2019"]
[Site "Florianopolis"]
[Date "2019.01.23"]
[Round "11"]
[White "Lopes Fo, Jorge Antonio Ferre"]
[Black "Menna Barreto, Luiz Ney"]
[Result "1/2-1/2"]
[WhiteElo "2122"]
[BlackElo "2327"]
[Annotator "NA"]
[PlyCount "53"]
[EventDate "2019.01.23"]
[EventType "swiss"]
[EventCountry "BRA"]
[SourceTitle "playchess.com"]
[Source "ChessBase"]
[SourceQuality "1"]
[TimeControl "180+2"]

1. d4 {[%emt 0:00:00]} Nf6 {[%emt 0:00:00]} 2. c4 {[%emt 0:00:01]} e6 {[%emt 0:00:00]} 3. g3 {[%emt 0:00:01]} d5 {[%emt 0:00:01]} 4. Bg2 {[%emt 0:00:01]} c6 {[%emt 0:00:01]} 5. Qc2 {[%emt 0:00:04]} Bd6 {[%emt 0:00:08]} 6. Nd2 {[%emt 0:00:01]} O-O {[%emt 0:00:03]} 7. Ngf3 {[%emt 0:00:01]} Nbd7 {[%emt 0:00:03]} 8. O-O {[%emt 0:00:02]} Re8 {[%emt 0:00:21]} 9. e4 {[%emt 0:00:04]} dxe4 {[%emt 0:00:02]} 10. Nxe4 {[%emt 0:00:01]} Nxe4 {[%emt 0:00:01]} 11. Qxe4 {[%emt 0:00:02]} Nf6 {[%emt 0:00:01]} 12. Qc2 {[%emt 0:00:01]} Qc7 {[%emt 0:00:04]} 13. c5 {[%emt 0:00:42]} Bf8 {[%emt 0:00:06]} 14. Bf4 {[%emt 0:00:01]} Qd8 {[%emt 0:00:16]} 15. Rfe1 {[%emt 0:00:05]} Nd5 {[%emt 0:00:02]} 16. Bd2 {[%emt 0:00:02]} Be7 {[%emt 0:00:03]} 17. Rad1 {[%emt 0:00:01]} Bf6 {[%emt 0:00:01]} 18. Ne5 {[%emt 0:00:03]} Bxe5 {[%emt 0:00:12]} 19. Rxe5 {[%emt 0:00:01]} Qe7 {[%emt 0:00:23]} 20. Rde1 {[%emt 0:00:09]} Bd7 {[%emt 0:00:12]} 21. Bxd5 {[%emt 0:00:28]} cxd5 {[%emt 0:00:01]} 22. R5e2 {[%emt 0:00:04]} Bc6 {[%emt 0:00:07]} 23. h4 {[%emt 0:00:06]} Qf6 {[%emt 0:00:13]} 24. Qc3 {[%emt 0:00:06]} Qg6 {[%emt 0:00:13]} 25. Bf4 {[%emt 0:00:07]} a6 {[%emt 0:00:04]} 26. Qc2 {[%emt 0:00:04]} Qxc2 {[%emt 0:00:03]} 27. Rxc2 {[%emt 0:00:05]} 1/2-1/2